frican Institute for Leaders and Leadership (Record no. 4177)
[ view plain ]
| 000 -LEADER | |
|---|---|
| fixed length control field | 00264nam a22001097a 4500 |
| 003 - CONTROL NUMBER IDENTIFIER | |
| control field | OSt |
| 005 - DATE AND TIME OF LATEST TRANSACTION | |
| control field | 20260225144541.0 |
| 008 - FIXED-LENGTH DATA ELEMENTS--GENERAL INFORMATION | |
| fixed length control field | 260225b |||||||| |||| 00| 0 eng d |
| 040 ## - CATALOGING SOURCE | |
| Transcribing agency | Mvule Africa |
| 245 ## - TITLE STATEMENT | |
| Title | frican Institute for Leaders and Leadership |
| 942 ## - ADDED ENTRY ELEMENTS (KOHA) | |
| Source of classification or shelving scheme | Dewey Decimal Classification |
| Koha item type | Books |
| Withdrawn status | Lost status | Source of classification or shelving scheme | Damaged status | Not for loan | Home library | Current library | Date acquired | Total Checkouts | Full call number | Barcode | Date last seen | Price effective from | Koha item type |
|---|---|---|---|---|---|---|---|---|---|---|---|---|---|
| Dewey Decimal Classification | Continental House Library | Continental House Library | 02/25/2026 | 658.4092 ADA | 2025/0345 | 02/25/2026 | 02/25/2026 | Books |
